00626 2200217 4500001002100000005001700021008004100038020001800079035002500097040001200122082001400134084002300148100001800171245008000189250001000269260003200279300003100311650003700342850001200379990001700391INLIS00000000000847620150731073946.0  a979-662-449-2 a0010-071500000001159 aYOPDYOG a519.28203 aPK 519.28203 Gar E aGarner, Simon aEnsiklopedia matematika terapan : matematika dalam Televisic/ Simon Garner aEd. 2 aKlatenbCempaka Putihc2009 a48 hlm. :bilus. ;c30 cm. aMatematika terapan - Ensiklopedi aYOPDYOG a2363-PK/B.10